NBA Legends on "Other" Teams #3 - Statistics

General Stats
  • This quiz has been taken 60 times
  • The average score is 9 of 16
Answer Stats
Picture Answer % Correct
Kevin Garnett
100%
Russell Westbrook
88%
Kevin Love
83%
Ben Wallace
77%
John Wall
63%
Walt Frazier
63%
Bill Walton
56%
Chauncey Billups
54%
Pete Maravich
48%
Jermaine O'Neal
46%
Amar'e Stoudemire
40%
Tim Hardaway
40%
Bob McAdoo
37%
Chris Webber
37%
Dave Cowens
27%
Mitch Richmond
17%
No matching quizzes found
Score Distribution
Percent of People with Each Score
Percentile by Number Answered
Your Score History
You have not taken this quiz